| 000 -LEADER |
| fixed length control field |
01027nam a22002777a 4500 |
| 005 - DATE AND TIME OF LATEST TRANSACTION |
| control field |
20260416164530.0 |
| 008 - FIXED-LENGTH DATA ELEMENTS--GENERAL INFORMATION |
| fixed length control field |
260415b xxu||||| |||| 00| 0 eng d |
| 040 ## - CATALOGING SOURCE |
| Transcribing agency |
Cagayan State University |
| 082 ## - DEWEY DECIMAL CLASSIFICATION NUMBER |
| Classification number |
791.4372 |
| Item number |
Os81 2025 |
| 245 ## - TITLE STATEMENT |
| Title |
Oscar Shaw / |
| Statement of responsibility, etc |
directed by R. Ellis Frazier and Justin Nesbitt ; written by Don Roff. |
| 260 ## - PUBLICATION, DISTRIBUTION, ETC. (IMPRINT) |
| Place of publication, distribution, etc |
United States : |
| Name of publisher, distributor, etc |
Milestone Studios, Oscar Shaw, and MovieToric Films, |
| Date of publication, distribution, etc |
2025. |
| 300 ## - PHYSICAL DESCRIPTION |
| Extent |
1 videofile, (ca. 93 mins.) : |
| Other physical details |
sound, color. |
| 520 ## - SUMMARY, ETC. |
| Summary, etc |
A retired cop seeks revenge for his best friend's death, taking justice into his own hands after failing to achieve it during his police career. |
| 546 ## - LANGUAGE NOTE |
| Language note |
In English subtitle. |
| 650 ## - SUBJECT ADDED ENTRY--TOPICAL TERM |
| Topical term or geographic name as entry element |
Action. |
| 650 ## - SUBJECT ADDED ENTRY--TOPICAL TERM |
| Topical term or geographic name as entry element |
Crime. |
| 650 ## - SUBJECT ADDED ENTRY--TOPICAL TERM |
| Topical term or geographic name as entry element |
Drama. |
| 655 ## - INDEX TERM--GENRE/FORM |
| Genre/form data or focus term |
Action. |
| 700 ## - ADDED ENTRY--PERSONAL NAME |
| Personal name |
Justin Nesbitt, director. |
| 700 ## - ADDED ENTRY--PERSONAL NAME |
| Personal name |
R. Ellis Frazier, director. |
| 700 ## - ADDED ENTRY--PERSONAL NAME |
| Personal name |
Don Roff, writer. |
| 700 ## - ADDED ENTRY--PERSONAL NAME |
| Personal name |
Michael Jai White, star. |
| 700 ## - ADDED ENTRY--PERSONAL NAME |
| Personal name |
Isaiah Washington, star. |
| 700 ## - ADDED ENTRY--PERSONAL NAME |
| Personal name |
Tyrese Gibson, star. |
| 942 ## - ADDED ENTRY ELEMENTS (KOHA) |
| Source of classification or shelving scheme |
|
| Item type |
Audio-Visual Materials |